<?xml version="1.0" encoding="UTF-8"?>
<record
    xmlns:xsi="http://www.w3.org/2001/XMLSchema-instance"
    xsi:schemaLocation="http://www.loc.gov/MARC21/slim http://www.loc.gov/standards/marcxml/schema/MARC21slim.xsd"
    xmlns="http://www.loc.gov/MARC21/slim">

  <leader>00966nam a22002177a 4500</leader>
  <controlfield tag="003">BI-BuBU</controlfield>
  <controlfield tag="008">260512b        bd     fq|||| 000 0 fre d</controlfield>
  <datafield tag="037" ind1=" " ind2=" ">
    <subfield code="b">don</subfield>
  </datafield>
  <datafield tag="039" ind1=" " ind2=" ">
    <subfield code="a">20260512130535.0</subfield>
    <subfield code="b">Edouard Niyonkuru</subfield>
  </datafield>
  <datafield tag="040" ind1=" " ind2=" ">
    <subfield code="a">BI-BuBU</subfield>
    <subfield code="b">fre</subfield>
    <subfield code="c">BI-BuBU</subfield>
    <subfield code="d">BI-BuBU</subfield>
  </datafield>
  <datafield tag="041" ind1="0" ind2=" ">
    <subfield code="a">fre</subfield>
  </datafield>
  <datafield tag="080" ind1=" " ind2=" ">
    <subfield code="a">336.02</subfield>
  </datafield>
  <datafield tag="100" ind1="1" ind2=" ">
    <subfield code="4">aut.</subfield>
    <subfield code="a">Havyarimana, Appolinaire</subfield>
  </datafield>
  <datafield tag="245" ind1="1" ind2="0">
    <subfield code="a">Analyse des effets de la fiscalit&#xE9; des coupl&#xE9;e &#xE0; l'investissement brut sur la croissance &#xE9;conomique au Burundi(2002-2023)</subfield>
    <subfield code="c">Appolinaire Havyarimana</subfield>
  </datafield>
  <datafield tag="260" ind1=" " ind2=" ">
    <subfield code="a">Bujumbura</subfield>
    <subfield code="b">Universit&#xE9; du Burundi : Facult&#xE9; des Sciences Economiques et de Gestion</subfield>
  </datafield>
  <datafield tag="300" ind1=" " ind2=" ">
    <subfield code="a">XV-93 f.</subfield>
    <subfield code="c">30 cm.</subfield>
  </datafield>
  <datafield tag="500" ind1=" " ind2=" ">
    <subfield code="a">M&#xE9;moire pr&#xE9;sent&#xE9; et d&#xE9;fendu publiquement en vue de l'obtention du dipl&#xF4;me de master en Analyse Economique et D&#xE9;veloppement
Sp&#xE9;cialit&#xE9; : Analyse &#xE9;conomique</subfield>
  </datafield>
  <datafield tag="650" ind1=" " ind2="7">
    <subfield code="2">BI-BuBU</subfield>
    <subfield code="a">Croissance &#xE9;conomique</subfield>
    <subfield code="x">Fiscalit&#xE9;(effet)</subfield>
    <subfield code="y">(2002-20023)</subfield>
    <subfield code="z">Burundi</subfield>
  </datafield>
  <datafield tag="655" ind1=" " ind2="7">
    <subfield code="2">BI-BuBU</subfield>
    <subfield code="a">m&#xE9;moire</subfield>
  </datafield>
  <datafield tag="942" ind1=" " ind2=" ">
    <subfield code="2">udc</subfield>
    <subfield code="c">BK</subfield>
  </datafield>
  <datafield tag="999" ind1=" " ind2=" ">
    <subfield code="c">53871</subfield>
    <subfield code="d">53871</subfield>
  </datafield>
  <datafield tag="952" ind1=" " ind2=" ">
    <subfield code="0">0</subfield>
    <subfield code="1">0</subfield>
    <subfield code="2">udc</subfield>
    <subfield code="4">0</subfield>
    <subfield code="7">1</subfield>
    <subfield code="9">85719</subfield>
    <subfield code="a">BC</subfield>
    <subfield code="b">BC</subfield>
    <subfield code="d">2026-05-12</subfield>
    <subfield code="e">don de l'auteur</subfield>
    <subfield code="l">0</subfield>
    <subfield code="o">R.336.02.HAV.</subfield>
    <subfield code="p">5040000004900</subfield>
    <subfield code="r">2026-05-12</subfield>
    <subfield code="t">1</subfield>
    <subfield code="w">2026-05-12</subfield>
    <subfield code="y">MEM</subfield>
    <subfield code="i">242219</subfield>
  </datafield>
</record>
